000
00304nam a22001097a 4500
008
160519b xxu||||| |||| 00| 0 eng d
020
_a
0801658853
041
_a
eng
080
_a
618.2
245
_a
Principles and practice of psychiatric nursing:
_c
Gail Wiscarz Stuart; Sandra J. Sundeen;
942
_2
udc
_c
BK
999
_c
2271
_d
2271